LDR 00763naa#a2200157#i#450# 001 RU\\bibl\126275 005 20260704025243.6 011 ## _a1994-5655 100 ## _a20260626b2026####ek#y0rusy0150####ca 102 ## _aRU 200 1# _aВладельческие знаки на книгах финно-угроведа Лыткина Г. С. в собрании Национального музея Республики Коми _eЖурнальная статья 210 1# _aСыктывкар _cФГБУ ФИЦ «Коми научный центр Уральского отделения Российской академии наук» _d2026 215 ## _a3 с. 608 ## _aЖурнальная статья _2local 700 #1 _aКраева _gН. В. 856 4# _akomisc.editorum.ru _u